<?xml version="1.0" encoding="UTF-8"?><?xml-stylesheet type="text/xsl" href="static/style.xsl"?><OAI-PMH xmlns="http://www.openarchives.org/OAI/2.0/" xmlns:xsi="http://www.w3.org/2001/XMLSchema-instance" xsi:schemaLocation="http://www.openarchives.org/OAI/2.0/ http://www.openarchives.org/OAI/2.0/OAI-PMH.xsd"><responseDate>2026-05-17T18:33:49Z</responseDate><request verb="GetRecord" identifier="oai:recam.amb.cat:20.500.14439/4764" metadataPrefix="marc">https://recam.amb.cat/rest/oai/request</request><GetRecord><record><header><identifier>oai:recam.amb.cat:20.500.14439/4764</identifier><datestamp>2026-04-28T23:46:03Z</datestamp><setSpec>com_20.500.14439_2671</setSpec><setSpec>com_20.500.14439_124</setSpec><setSpec>col_20.500.14439_4526</setSpec></header><metadata><record xmlns="http://www.loc.gov/MARC21/slim" xmlns:dcterms="http://purl.org/dc/terms/" xmlns:xsi="http://www.w3.org/2001/XMLSchema-instance" xmlns:doc="http://www.lyncode.com/xoai" xsi:schemaLocation="http://www.loc.gov/MARC21/slim http://www.loc.gov/standards/marcxml/schema/MARC21slim.xsd">
   <leader>00925njm 22002777a 4500</leader>
   <datafield ind2=" " ind1=" " tag="042">
      <subfield code="a">dc</subfield>
   </datafield>
   <datafield ind2=" " ind1=" " tag="720">
      <subfield code="a">Fundació BCN Formació Professional</subfield>
      <subfield code="e">author</subfield>
   </datafield>
   <datafield ind2=" " ind1=" " tag="260">
      <subfield code="c">2020-01-01</subfield>
   </datafield>
   <datafield ind2=" " ind1=" " tag="520">
      <subfield code="a">En el primer capítol es realitza una primera aproximació teòrica al concepte d’economia circular i l’ecodisseny per desprès analitzar les estratègies internacionals i nacionals sobre economia circular i l’ecodisseny així com les diferents mesures i polítiques per afavorir el seu desplegament. L’atenció d’aquest capítol està focalitzada, principalment, vers les estratègies que afecten directament a Catalunya. El segon capítol es centra en la identificació i anàlisi quantitatiu de les ocupacions dels sectors econòmics amb més impacte de l’ecodisseny i més representatives del teixit empresarial de l’àrea i regió metropolitana de Barcelona. El tercer capítol, analitza l’oferta formativa de formació professional vinculada als sectors econòmics identificats. El quart capítol recull l’anàlisi de les aportacions obtingudes a les sessions de treball i entrevistes a organitzacions i centres educatius sobre experiències i expectatives de l’ecodisseny i els perfils professionals associats, per posteriorment elaborar una fitxa descriptiva dels perfils identificats. Finalment, el cinquè capítol planteja una sèrie de recomanacions en matèria de formació professional basades en les evidències i resultats detectats a
l’estudi.</subfield>
   </datafield>
   <datafield ind1="8" ind2=" " tag="024">
      <subfield code="a">https://hdl.handle.net/20.500.14439/4764</subfield>
   </datafield>
   <datafield ind1="8" ind2=" " tag="024">
      <subfield code="a">B 2122-2020</subfield>
   </datafield>
   <datafield tag="653" ind2=" " ind1=" ">
      <subfield code="a">Formació professional</subfield>
   </datafield>
   <datafield tag="653" ind2=" " ind1=" ">
      <subfield code="a">Desenvolupament econòmic</subfield>
   </datafield>
   <datafield tag="653" ind2=" " ind1=" ">
      <subfield code="a">Economia circular</subfield>
   </datafield>
   <datafield ind2="0" ind1="0" tag="245">
      <subfield code="a">Els sectors econòmics emergents i la formació professional a la Regió Metropolitana de Barcelona: l'economia circular, el cas de l'ecodisseny</subfield>
   </datafield>
</record></metadata></record></GetRecord></OAI-PMH>